[Event "FICGS rapid C 000204 email"]
[Site "FICGS email"]
[Date "2019.02.21"]
[Round "1"]
[White "Coggiola, Leandro Damian"]
[Black "Uralskiy, Georgiy"]
[Result "1-0"]
[WhiteElo "1511"]
[BlackElo "1700"]
[PlyCount "21"]
[EventDate "2019.??.??"]
[EventType "tourn (rapid)"]
[EventRounds "4"]
[SourceTitle "Corr 2022"]
[Source "ChessBase"]
[SourceDate "2021.10.24"]
[SourceVersion "1"]
[SourceVersionDate "2021.10.24"]
[SourceQuality "1"]

1. e4 d6 2. d4 e6 3. Nf3 Nd7 4. Bb5 c6 5. Ba4 Ne7 6. 0-0 g6 7. c3 Bg7 8. Be3 b5 9. Bb3 0-0 10. Nbd2 Bb7 11. Re1 1-0

[Event "FICGS W-ch st1 g01 email"]
[Site "FICGS email"]
[Date "2018.11.01"]
[Round "1"]
[White "Coggiola, Leandro Damian"]
[Black "Mach, Jiri"]
[Result "0-1"]
[WhiteElo "1524"]
[BlackElo "1524"]
[PlyCount "68"]
[EventDate "2018.??.??"]
[EventType "tourn (corr)"]
[EventRounds "8"]
[SourceTitle "Corr 2022"]
[Source "ChessBase"]
[SourceDate "2021.10.24"]
[SourceVersion "1"]
[SourceVersionDate "2021.10.24"]
[SourceQuality "1"]

1. e4 e6 2. d4 d5 3. exd5 exd5 4. Nf3 Nf6 5. Be2 Bd6 6. 0-0 0-0 7. Bg5 h6 8. Bh4 c6 9. Nbd2 Re8 10. h3 Bf5 11. Re1 Nbd7 12. c4 g5 13. Bg3 Bxg3 14. fxg3 Qb6 15. Nb3 Be4 16. Bd3 a5 17. Bxe4 dxe4 18. Nfd2 a4 19. c5 Qd8 20. Nc1 Nxc5 21. Ne2 Nd3 22. Rf1 Nxb2 23. Qc2 a3 24. Nc4 Nxc4 25. Qxc4 Re6 26. h4 b5 27. Qc1 Nd5 28. hxg5 hxg5 29. Qd2 b4 30. Rf5 f6 31. Re1 Kg7 32. Nc1 Qd6 33. Nb3 e3 34. Qd3 Qxg3 0-1

[Event "FICGS rapid E 000215 email"]
[Site "FICGS email"]
[Date "2018.07.29"]
[Round "1"]
[White "Coggiola, Leandro Damian"]
[Black "Bromo, Alexis"]
[Result "1-0"]
[WhiteElo "1485"]
[BlackElo "1352"]
[PlyCount "43"]
[EventDate "2018.??.??"]
[EventType "tourn (rapid)"]
[EventRounds "6"]
[SourceTitle "Corr 2022"]
[Source "ChessBase"]
[SourceDate "2021.10.24"]
[SourceVersion "1"]
[SourceVersionDate "2021.10.24"]
[SourceQuality "1"]

1. e4 c5 2. Nf3 Nc6 3. d4 d6 4. dxc5 dxc5 5. Qxd8+ Nxd8 6. Be3 e6 7. Nc3 b6 8. 0-0-0 Nc6 9. Bb5 Nge7 10. Bg5 h6 11. Bh4 Bd7 12. Rd2 a6 13. Bxc6 Bxc6 14. Rhd1 b5 15. Ne5 Bb7 16. Rd7 Rb8 17. Bg3 Nd5 18. Nxd5 exd5 19. exd5 f6 20. Nc6 Bxc6 21. dxc6 Rc8 22. Re1+ 1-0

[Event "FICGS class E 000208 email"]
[Site "FICGS email"]
[Date "2018.04.17"]
[Round "1"]
[White "Coggiola, Leandro Damian"]
[Black "Klawitter, Bernd"]
[Result "0-1"]
[WhiteElo "1268"]
[BlackElo "1328"]
[PlyCount "82"]
[EventDate "2018.??.??"]
[EventType "tourn (corr)"]
[EventRounds "5"]
[SourceTitle "Corr 2022"]
[Source "ChessBase"]
[SourceDate "2021.10.24"]
[SourceVersion "1"]
[SourceVersionDate "2021.10.24"]
[SourceQuality "1"]

1. d4 Nf6 2. c4 c5 3. Nf3 e6 4. Nc3 cxd4 5. Nxd4 Be7 6. e4 Qc7 7. Be2 Nc6 8. 0-0 a6 9. Be3 Nxd4 10. Bxd4 0-0 11. Qb3 h6 12. Rad1 d6 13. Rfe1 Rd8 14. Bf3 Bd7 15. Be3 Be8 16. g3 Rdc8 17. Be2 Bf8 18. Rc1 Qb8 19. Qd1 Bc6 20. Bf3 b5 21. cxb5 axb5 22. a3 b4 23. axb4 Qxb4 24. Qe2 Qb7 25. Red1 Qb3 26. Qc2 Qxc2 27. Rxc2 Ba4 28. Nxa4 Rxc2 29. Nb6 Rb8 30. b4 Rb2 31. e5 dxe5 32. Nd7 Nxd7 33. Rxd7 R2xb4 34. Kg2 g6 35. h4 Kg7 36. Bg4 Rxg4 37. Kf3 Rc4 38. Kg2 Ra8 39. Rb7 Rc2 40. Kf3 Ra4 41. Kg2 Bc5 0-1

[Event "FICGS class E 000208 email"]
[Site "FICGS email"]
[Date "2018.04.17"]
[Round "1"]
[White "Wood, Brian"]
[Black "Coggiola, Leandro Damian"]
[Result "1-0"]
[WhiteElo "1221"]
[BlackElo "1268"]
[PlyCount "45"]
[EventDate "2018.??.??"]
[EventType "tourn (corr)"]
[EventRounds "5"]
[SourceTitle "Corr 2022"]
[Source "ChessBase"]
[SourceDate "2021.10.24"]
[SourceVersion "1"]
[SourceVersionDate "2021.10.24"]
[SourceQuality "1"]

1. e4 e5 2. Nf3 Nc6 3. Bb5 a6 4. Ba4 b5 5. Bb3 Nf6 6. 0-0 Bc5 7. c3 0-0 8. h3 Bb7 9. d4 exd4 10. cxd4 Bb6 11. Bc2 d5 12. e5 Ne4 13. Nc3 f5 14. Nxd5 Kh8 15. Nxb6 cxb6 16. d5 Ne7 17. d6 Ng6 18. Re1 Nc5 19. b4 Ne4 20. Bxe4 Bxe4 21. Ng5 Bb7 22. e6 Rf6 23. Bb2 1-0

[Event "FICGS class E 000207 email"]
[Site "FICGS email"]
[Date "2018.04.09"]
[Round "1"]
[White "De la Foret, Fred"]
[Black "Coggiola, Leandro Damian"]
[Result "1-0"]
[WhiteElo "1373"]
[BlackElo "1268"]
[PlyCount "27"]
[EventDate "2018.??.??"]
[EventType "tourn (corr)"]
[EventRounds "5"]
[SourceTitle "Corr 2022"]
[Source "ChessBase"]
[SourceDate "2021.10.24"]
[SourceVersion "1"]
[SourceVersionDate "2021.10.24"]
[SourceQuality "1"]

1. e4 c5 2. Nf3 d6 3. d4 cxd4 4. Nxd4 Nc6 5. Bc4 Nf6 6. Nc3 g6 7. Nxc6 bxc6 8. e5 Nd7 9. exd6 exd6 10. 0-0 Qh4 11. Re1+ Be7 12. g3 Qxc4 13. Qxd6 Qc5 14. Rxe7+ 1-0

[Event "FICGS rapid E 000207 email"]
[Site "FICGS email"]
[Date "2018.04.06"]
[Round "1"]
[White "Bromo, Alexis"]
[Black "Coggiola, Leandro Damian"]
[Result "0-1"]
[WhiteElo "1072"]
[BlackElo "1268"]
[PlyCount "60"]
[EventDate "2018.??.??"]
[EventType "tourn (rapid)"]
[EventRounds "6"]
[SourceTitle "Corr 2022"]
[Source "ChessBase"]
[SourceDate "2021.10.24"]
[SourceVersion "1"]
[SourceVersionDate "2021.10.24"]
[SourceQuality "1"]

1. d4 d5 2. c4 c6 3. e3 Nf6 4. Nc3 e6 5. Nf3 Bd6 6. Be2 0-0 7. c5 Be7 8. h3 Nbd7 9. b4 b5 10. a4 a6 11. a5 Bb7 12. Bd3 e5 13. Bf5 Re8 14. Bxd7 Nxd7 15. Nxe5 Nxe5 16. dxe5 Bf8 17. f4 Qh4+ 18. Ke2 Rad8 19. Qe1 Qe7 20. Bb2 d4 21. exd4 Rxd4 22. Rf1 Red8 23. Rd1 Rxd1 24. Nxd1 Qd7 25. Rf3 Bc8 26. Nf2 Qd5 27. Rd3 Qc4 28. Qd1 Bf5 29. g4 Bxd3+ 30. Qxd3 Rxd3 0-1

[Event "FICGS rapid E 000206 email"]
[Site "FICGS email"]
[Date "2018.03.30"]
[Round "1"]
[White "Coggiola, Leandro Damian"]
[Black "Vreugdenhil, Maarten"]
[Result "1-0"]
[WhiteElo "1268"]
[BlackElo "1382"]
[PlyCount "25"]
[EventDate "2018.??.??"]
[EventType "tourn (rapid)"]
[EventRounds "6"]
[SourceTitle "Corr 2022"]
[Source "ChessBase"]
[SourceDate "2021.10.24"]
[SourceVersion "1"]
[SourceVersionDate "2021.10.24"]
[SourceQuality "1"]

1. e4 c5 2. Nf3 d6 3. d4 cxd4 4. Nxd4 Nf6 5. Nc3 a6 6. Be2 g6 7. 0-0 Bg7 8. Be3 Nc6 9. f3 Bd7 10. Qd2 Ne5 11. Rad1 0-0 12. f4 Neg4 13. h3 1-0

[Event "FICGS class E 000063 email"]
[Site "FICGS email"]
[Date "2007.10.11"]
[Round "1"]
[White "Coggiola, Leandro Damian"]
[Black "Brieler, Jay"]
[Result "0-1"]
[WhiteElo "1363"]
[BlackElo "1350"]
[PlyCount "68"]
[EventDate "2007.??.??"]
[EventType "tourn (corr)"]
[EventRounds "5"]
[SourceTitle "Corr 2022"]
[Source "ChessBase"]
[SourceDate "2021.10.24"]
[SourceVersion "1"]
[SourceVersionDate "2021.10.24"]
[SourceQuality "1"]

1. e4 c5 2. Nf3 d6 3. d4 cxd4 4. Nxd4 Nf6 5. Nc3 g6 6. f3 Bg7 7. Be3 0-0 8. Qd2 Nc6 9. Be2 Bd7 10. 0-0-0 Nxd4 11. Bxd4 Rc8 12. h4 a6 13. g4 e5 14. Be3 h5 15. gxh5 Nxh5 16. f4 exf4 17. Bxf4 Qf6 18. Bxh5 gxh5 19. Bg5 Qe5 20. Bh6 Bg4 21. Rdg1 Qe6 22. Bxg7 Kxg7 23. Nd5 Qxe4 24. Ne3 f5 25. c3 b5 26. Rh2 b4 27. Nxg4 fxg4 28. Re2 Qg6 29. Rge1 bxc3 30. bxc3 Rb8 31. Re7+ Rf7 32. Rxf7+ Kxf7 33. Qf2+ Kg8 34. Qe3 Qb1+ 0-1

[Event "FICGS class E 000063 email"]
[Site "FICGS email"]
[Date "2007.10.11"]
[Round "1"]
[White "Coggiola, Leandro Damian"]
[Black "Parmet, Daniel Edward"]
[Result "0-1"]
[WhiteElo "1363"]
[BlackElo "1300"]
[PlyCount "84"]
[EventDate "2007.??.??"]
[EventType "tourn (corr)"]
[EventRounds "5"]
[SourceTitle "Corr 2022"]
[Source "ChessBase"]
[SourceDate "2021.10.24"]
[SourceVersion "1"]
[SourceVersionDate "2021.10.24"]
[SourceQuality "1"]

1. e4 e5 2. Nf3 Nc6 3. Bb5 a6 4. Ba4 Nf6 5. 0-0 Be7 6. Re1 b5 7. Bb3 d6 8. c3 Na5 9. Bc2 c5 10. d4 Qc7 11. Nbd2 0-0 12. Nb3 Nxb3 13. Bxb3 Bg4 14. h3 Bxf3 15. gxf3 Rad8 16. Kh2 d5 17. Bc2 dxe4 18. fxe4 exd4+ 19. f4 dxc3 20. Qf3 cxb2 21. Bxb2 Rd2+ 22. Re2 Rxe2+ 23. Qxe2 Qxf4+ 24. Kh1 Rd8 25. Bc3 Qg3 26. e5 Qxc3 27. Rc1 Qxh3+ 28. Qh2 Qxh2+ 29. Kxh2 Ng4+ 30. Kg3 Nxe5 31. Re1 Bh4+ 32. Kxh4 Nf3+ 33. Kg3 Nxe1 34. Kf2 Nxc2 35. Kg2 Rd3 36. Kf2 c4 37. Ke2 Nd4+ 38. Kf2 c3 39. a3 c2 40. Kg2 c1Q 41. Kf2 Qc2+ 42. Kf1 Rd1# 0-1

[Event "FICGS class E 000063 email"]
[Site "FICGS email"]
[Date "2007.10.11"]
[Round "1"]
[White "Martinez Camacho, Victor Hugo"]
[Black "Coggiola, Leandro Damian"]
[Result "1/2-1/2"]
[WhiteElo "1595"]
[BlackElo "1363"]
[PlyCount "80"]
[EventDate "2007.??.??"]
[EventType "tourn (corr)"]
[EventRounds "5"]
[SourceTitle "Corr 2022"]
[Source "ChessBase"]
[SourceDate "2021.10.24"]
[SourceVersion "1"]
[SourceVersionDate "2021.10.24"]
[SourceQuality "1"]

1. e4 c5 2. f4 Nc6 3. Nc3 e5 4. Bc4 Nf6 5. d3 Be7 6. Nf3 d6 7. 0-0 0-0 8. fxe5 dxe5 9. Bg5 h6 10. Bxf6 Bxf6 11. Nd5 Be7 12. Nxe7+ Qxe7 13. c3 Na5 14. Bd5 Be6 15. Bxe6 Qxe6 16. Qe2 Nc6 17. b3 Rad8 18. Rad1 Rd7 19. Rd2 Rfd8 20. Rfd1 f5 21. exf5 Qxf5 22. Qe4 Qxe4 23. dxe4 Rxd2 24. Rxd2 Rxd2 25. Nxd2 Kf7 26. Kf2 Kf6 27. Nc4 b5 28. Ne3 a5 29. Nd5+ Kf7 30. Nc7 b4 31. cxb4 cxb4 32. Nd5 Ke6 33. Ke3 Nd4 34. Kd3 g5 35. Ne3 h5 36. Nc4 Nc6 37. Ke3 g4 38. h3 Kf6 39. hxg4 hxg4 40. Nd2 Kg5 1/2-1/2

[Event "FICGS class F 000040 email"]
[Site "FICGS email"]
[Date "2007.05.23"]
[Round "1"]
[White "Coggiola, Leandro Damian"]
[Black "Barradas, Anderson"]
[Result "1-0"]
[WhiteElo "1337"]
[BlackElo "1194"]
[PlyCount "37"]
[EventDate "2007.??.??"]
[EventType "tourn (corr)"]
[EventRounds "5"]
[SourceTitle "Corr 2022"]
[Source "ChessBase"]
[SourceDate "2021.10.24"]
[SourceVersion "1"]
[SourceVersionDate "2021.10.24"]
[SourceQuality "1"]

1. e4 e5 2. Nf3 Nf6 3. Nc3 d5 4. Nxe5 Be6 5. exd5 Nxd5 6. Nxd5 Qxd5 7. d4 Nc6 8. Nxc6 bxc6 9. Be3 Bd6 10. c4 Bb4+ 11. Bd2 Bxd2+ 12. Qxd2 Qe4+ 13. Qe3 Qc2 14. d5 cxd5 15. cxd5 Qxb2 16. Rd1 Qb4+ 17. Ke2 Qc4+ 18. Kf3 Rd8 19. Bxc4 1-0

[Event "FICGS class F 000040 email"]
[Site "FICGS email"]
[Date "2007.05.23"]
[Round "1"]
[White "Coggiola, Leandro Damian"]
[Black "Cirulis, Ilmars"]
[Result "0-1"]
[WhiteElo "1337"]
[BlackElo "1305"]
[PlyCount "70"]
[EventDate "2007.??.??"]
[EventType "tourn (corr)"]
[EventRounds "5"]
[SourceTitle "Corr 2022"]
[Source "ChessBase"]
[SourceDate "2021.10.24"]
[SourceVersion "1"]
[SourceVersionDate "2021.10.24"]
[SourceQuality "1"]

1. e4 e5 2. Nf3 Nc6 3. Bb5 Nf6 4. 0-0 Bc5 5. Nc3 0-0 6. d3 d6 7. Bxc6 bxc6 8. d4 exd4 9. Nxd4 Ng4 10. h3 Ne5 11. Nb3 Bb6 12. Bf4 Nc4 13. Rb1 Qf6 14. Bg3 Nxb2 15. e5 Nxd1 16. exf6 Nxc3 17. fxg7 Re8 18. Rbe1 Bf5 19. Bh2 Bxc2 20. Bg3 Bd3 21. Rxe8+ Rxe8 22. Ra1 c5 23. Nd2 Ne2+ 24. Kh2 c4 25. Re1 Ba5 26. Rd1 c3 27. Nb3 Bc2 28. Rc1 Bxb3 29. axb3 Nxc1 30. b4 Ne2 31. Bh4 Re4 32. Bg3 c2 33. Bf4 Rxf4 34. bxa5 c1Q 35. g3 Qg1# 0-1

[Event "FICGS class D 000036 email"]
[Site "FICGS email"]
[Date "2007.03.09"]
[Round "1"]
[White "Coggiola, Leandro Damian"]
[Black "Faust, Dieter"]
[Result "0-1"]
[WhiteElo "1457"]
[BlackElo "1494"]
[PlyCount "50"]
[EventDate "2007.??.??"]
[EventType "tourn (corr)"]
[EventRounds "6"]
[SourceTitle "Corr 2022"]
[Source "ChessBase"]
[SourceDate "2021.10.24"]
[SourceVersion "1"]
[SourceVersionDate "2021.10.24"]
[SourceQuality "1"]

1. e4 e6 2. d4 d5 3. e5 c5 4. c3 Nc6 5. Nf3 Bd7 6. Be2 Nge7 7. Na3 Ng6 8. Bg5 f6 9. exf6 gxf6 10. Be3 c4 11. Nc2 Qc7 12. 0-0 0-0-0 13. b3 Na5 14. bxc4 Nxc4 15. Rb1 Kb8 16. Nce1 Rc8 17. Qb3 Nb6 18. Nd3 Ba4 19. Qb2 Nc4 20. Qc1 Ba3 21. Qe1 Bc2 22. Ra1 Rhg8 23. Nd2 Bxd3 24. Bxd3 Nh4 25. Bxc4 Rxg2+ 0-1

[Event "FICGS class D 000036 email"]
[Site "FICGS email"]
[Date "2007.03.09"]
[Round "1"]
[White "Oldenhof, Dwight"]
[Black "Coggiola, Leandro Damian"]
[Result "1/2-1/2"]
[WhiteElo "1400"]
[BlackElo "1457"]
[PlyCount "81"]
[EventDate "2007.??.??"]
[EventType "tourn (corr)"]
[EventRounds "6"]
[SourceTitle "Corr 2022"]
[Source "ChessBase"]
[SourceDate "2021.10.24"]
[SourceVersion "1"]
[SourceVersionDate "2021.10.24"]
[SourceQuality "1"]

1. e4 e5 2. Nf3 Nc6 3. Bb5 a6 4. Bxc6 dxc6 5. h3 Ne7 6. Nc3 Ng6 7. a3 Bd6 8. d4 0-0 9. 0-0 Be6 10. b3 f5 11. Ng5 Bd7 12. Nxh7 Qh4 13. Ng5 fxe4 14. g3 Qh8 15. Ncxe4 Bf5 16. Nxd6 cxd6 17. g4 Bd7 18. Kh2 Rad8 19. d5 Nf4 20. Bxf4 Rxf4 21. f3 Qh6 22. Ne4 c5 23. Qe2 Bb5 24. c4 Be8 25. b4 b6 26. b5 axb5 27. cxb5 Bf7 28. Qd3 Bg6 29. Ra2 Bxe4 30. fxe4 Rxg4 31. Rg2 Rxg2+ 32. Kxg2 Qg5+ 33. Kh2 Qg6 34. Rf5 Rf8 35. Qf3 Rxf5 36. exf5 Qg5 37. Qf2 c4 38. Qxb6 c3 39. Qc6 Qd2+ 40. Kg3 c2 41. Qe8+ 1/2-1/2

[Event "FICGS class C 000027 email"]
[Site "FICGS email"]
[Date "2007.02.01"]
[Round "1"]
[White "Bullerkotte, Frank"]
[Black "Coggiola, Leandro Damian"]
[Result "1-0"]
[WhiteElo "1700"]
[BlackElo "1600"]
[PlyCount "39"]
[EventDate "2007.??.??"]
[EventType "tourn (corr)"]
[EventRounds "4"]
[SourceTitle "Corr 2022"]
[Source "ChessBase"]
[SourceDate "2021.10.24"]
[SourceVersion "1"]
[SourceVersionDate "2021.10.24"]
[SourceQuality "1"]

1. d4 d5 2. c4 e6 3. Nc3 Nf6 4. Bg5 Nbd7 5. e3 Be7 6. Nf3 0-0 7. Rc1 c6 8. Bd3 dxc4 9. Bxc4 Nd5 10. Bxe7 Qxe7 11. 0-0 N5b6 12. Bd3 e5 13. Qc2 h6 14. Rfe1 exd4 15. exd4 Qd8 16. Ne4 Re8 17. Nd6 Rxe1+ 18. Rxe1 Nf6 19. Bh7+ Nxh7 20. Re8+ 1-0

[Event "FICGS W-ch st1 g26 email"]
[Site "FICGS email"]
[Date "2007.01.30"]
[Round "1"]
[White "Coggiola, Leandro Damian"]
[Black "Minkin, Alexander"]
[Result "0-1"]
[WhiteElo "1600"]
[BlackElo "1700"]
[PlyCount "40"]
[EventDate "2007.??.??"]
[EventType "tourn (corr)"]
[EventRounds "8"]
[SourceTitle "Corr 2022"]
[Source "ChessBase"]
[SourceDate "2021.10.24"]
[SourceVersion "1"]
[SourceVersionDate "2021.10.24"]
[SourceQuality "1"]

1. e4 c5 2. Nf3 e6 3. d4 cxd4 4. Nxd4 Nc6 5. Nc3 a6 6. Be2 Qc7 7. Be3 b5 8. Qd2 Nf6 9. 0-0-0 b4 10. Nb1 Nxe4 11. Qd3 Nc5 12. Qd2 Bb7 13. f3 Nxd4 14. Bxd4 Rc8 15. Bxc5 Bxc5 16. c3 d5 17. a3 bxc3 18. bxc3 Bc6 19. Rhe1 Ba4 20. Bxa6 Rb8 0-1

[Event "FICGS W-ch st1 g26 email"]
[Site "FICGS email"]
[Date "2007.01.30"]
[Round "1"]
[White "Dyakov, Aleksandr"]
[Black "Coggiola, Leandro Damian"]
[Result "1-0"]
[WhiteElo "2153"]
[BlackElo "1600"]
[PlyCount "39"]
[EventDate "2007.??.??"]
[EventType "tourn (corr)"]
[EventRounds "8"]
[SourceTitle "Corr 2022"]
[Source "ChessBase"]
[SourceDate "2021.10.24"]
[SourceVersion "1"]
[SourceVersionDate "2021.10.24"]
[SourceQuality "1"]

1. e4 e5 2. Nf3 Nc6 3. Bc4 Bc5 4. c3 Nf6 5. d3 0-0 6. 0-0 d6 7. Bb3 Bg4 8. h3 Bd7 9. Nbd2 Qe7 10. Nc4 h6 11. Ne3 Qd8 12. d4 exd4 13. cxd4 Bb6 14. e5 dxe5 15. dxe5 Ne4 16. Bc2 Nc5 17. Qe2 Qe7 18. Nd5 Qe6 19. Rd1 Rfe8 20. b4 1-0